[Event "Bad Woerishofen op 19th"]
[Site "Bad Woerishofen"]
[Date "2003.03.18"]
[Round "6"]
[White "Schwarz, Gerd"]
[Black "Frank, Albert"]
[Result "0-1"]
[WhiteElo "1748"]
[BlackElo "2070"]
[PlyCount "78"]
[EventDate "2003.03.13"]
[EventType "swiss"]
[EventRounds "9"]
[EventCountry "GER"]
[SourceTitle "CBM 093 Extra"]
[Source "ChessBase"]
[SourceDate "2003.05.09"]
[SourceVersion "1"]
[SourceVersionDate "2003.05.09"]
[SourceQuality "1"]

1. e4 c5 2. Nf3 a6 3. c3 Qa5 4. Be2 g6 5. 0-0 Bg7 6. d4 d6 7. Na3 Bg4 8. Nc4 Qc7 9. Ne3 Bxf3 10. Bxf3 e6 11. d5 e5 12. Bd2 Nd7 13. c4 Ne7 14. Rc1 0-0 15. b4 cxb4 16. Bxb4 Nc5 17. Qe2 f5 18. exf5 gxf5 19. Bxc5 Qxc5 20. g3 f4 21. Nd1 fxg3 22. hxg3 Nf5 23. Be4 Nxg3 24. Bxh7+ Kxh7 25. Qd3+ Nf5 26. Ne3 Qc8 27. Kg2 Kg8 28. Rh1 Nxe3+ 29. Qxe3 Qg4+ 30. Kf1 Qf3 31. Rh3 Qxe3 32. Rxe3 Rac8 33. Ke2 b5 34. Rg3 bxc4 35. Rcg1 Rf7 36. Rg6 Rd7 37. Re6 Rc5 38. Rd1 Kf7 39. f4 Rxd5 0-1

[Event "Bad Woerishofen op 19th"]
[Site "Bad Woerishofen"]
[Date "2003.03.15"]
[Round "3"]
[White "Schenk, Uwe"]
[Black "Schwarz, Gerd"]
[Result "1-0"]
[WhiteElo "2116"]
[BlackElo "1748"]
[PlyCount "73"]
[EventDate "2003.03.13"]
[EventType "swiss"]
[EventRounds "9"]
[EventCountry "GER"]
[SourceTitle "CBM 093 Extra"]
[Source "ChessBase"]
[SourceDate "2003.05.09"]
[SourceVersion "1"]
[SourceVersionDate "2003.05.09"]
[SourceQuality "1"]

1. Nf3 Nf6 2. c4 c5 3. Nc3 Nc6 4. g3 g6 5. Bg2 Bg7 6. d4 cxd4 7. Nxd4 0-0 8. 0-0 a6 9. c5 Qa5 10. Nb3 Qc7 11. Bf4 e5 12. Bg5 Ne7 13. Qd2 Rb8 14. Na4 Rd8 15. Rfd1 Nf5 16. Nb6 Ne7 17. Rac1 Kf8 18. Nc4 Nf5 19. e4 Ne7 20. h3 Neg8 21. Kh2 h6 22. Be3 g5 23. Nd6 Ne7 24. Qd3 Nc6 25. Qc4 Kg8 26. Qxf7+ Kh7 27. Nf5 Rg8 28. Nxg7 Rxg7 29. Qxf6 Ne7 30. Rd6 Ng6 31. Bd2 Ra8 32. Ba5 Qb8 33. Bb6 a5 34. Nd2 a4 35. Nc4 a3 36. bxa3 Ra4 37. Ne3 1-0